Statistics for Top 50 Nickelodeon Shows (IMDB)

Click here to take the quiz!

General Stats

  • This quiz has been taken 126 times
    (49 since last reset)
  • The average score is 6 of 50

Answer Stats

TV ShowYear(s)IMDB% Correct
SpongeBob SquarePants1999-Present8.2
88%
Drake & Josh2004-20077.7
60%
The Fairly OddParents2001-20177.2
60%
Rugrats1991-20047.4
53%
All That1994-20207.5
42%
Hey Arnold!1996-20047.6
33%
Avatar: The Last Airbender2005-20089.3
30%
Kenan & Kel1996-20007.8
28%
The Angry Beavers1997-20017.2
21%
Aaahh!!! Real Monsters1994-19977.2
16%
Invader ZIM2001-20068.4
16%
Teenage Mutant Ninja Turtles2012-20177.9
16%
The Legend of Korra2012-20148.4
16%
Doug1991-19997.4
14%
Rocko's Modern Life1993-19967.9
12%
Legends of the Hidden Temple1993-19958.1
9%
KaBLaM!1996-20007.9
7%
Double Dare1986-19887.4
5%
House of Anubis2011-20137.3
5%
Ned's Declassified School Survival Guide2004-20077.4
5%
Nickelodeon GUTS1992-19957.5
5%
Salute Your Shorts1991-19928.3
5%
Gullah, Gullah Island1994-19987.4
2%
Hey Dude1989-19917.2
2%
Little Bear1995-20037.3
2%
Nickelodeon Arcade19927.5
2%
Space Cases1996-19977.5
2%
The Ren & Stimpy Show1991-19967.5
2%
The Secret World of Alex Mack1994-19987.5
2%
Wild & Crazy Kids1990-19927.4
2%
Action League Now!2003-20048.1
0%
Belle and Sebastian1981-19827.3
0%
Eureeka's Castle1989-19917.3
0%
Hollywood Heights20127.3
0%
My Brother and Me1994-19958.2
0%
Oswald2001-20037.6
0%
South of Nowhere2005-20087.9
0%
Star Trek: Prodigy2021-20247.4
0%
Taina2001-20027.2
0%
The Adventures of Paddington2019-Present8.4
0%
The Adventures of Pete & Pete1991-19968.4
0%
The Busy World of Richard Scarry1994-19977.4
0%
The Mysterious Cities of Gold1982-19838.7
0%
The Mystery Files of Shelby Woo1996-19997.2
0%
The Penguins of Madagascar2008-20157.5
0%
The Upside Down Show20068.7
0%
Today's Special1982-19878.0
0%
Wallykazam!2014-20177.8
0%
Wolverine and the X-Men2008-20098.0
0%
You Can't Do That on Television!1979-19908.1
0%

Score Distribution

Percentile by Number Answered

Percent of People with Each Score

Your Score History

You have not taken this quiz since the last reset